000 00690nam a22002297a 4500
001 BR8107192
003 BR-BrBNA
005 20230928091108.0
007 ta
008 230509b bl.||||| |||| 00| 0 por d
040 _aBR-BrBNA
_bpor
_cBiblioteca Nacional de Agricultura
041 _a(Por)
072 _aA00; F40; P00
_b/G514
090 _ A00 BR8107192
110 1 _aSociedade de Agronomia do Rio Grande do Sul, Porto Alegre (Brasil)
_99854
245 1 _a1. Curso de Agricultura Biologica [Rio Grande do Sul, Brasil]
260 3 _aPorto Alegre, RS (Brasil):
_c1981.
300 _a152 p.
650 _aAGRICULTURA BIOLOGICA
909 _a202309
_bLucia
_c55
_dLucia Elande
942 _cBK
999 _c32196
_d32196